000 00494nam a2200145Ia 4500
008 230917s9999||||xx |||||||||||||| ||und||
040 _e162488
_aMAIN
041 _aEnglish
082 _a891.43301731 SM15J
100 _aसादावैनू, मिहाइल
245 0 _aझोपडी़ वाले और अन्य कहानियाँ
260 _aनई दिल्ली
_bसाहित्य अकादेमी
_c1967
300 _a162पृ. p.
942 _cHN
999 _c144611
_d144611